Teória spotrebiteľa (3. časť) prednáška z Mikroekonómie : optimum spotrebiteľa
Na minha lista:
| Autor principal: | |
|---|---|
| Autor Corporativo: | |
| Formato: | Livro |
| Idioma: | eslovaco |
| Publicado em: |
[Košice]
[2012]
|
| Assuntos: | |
| Tags: |
Sem tags, seja o primeiro a adicionar uma tag!
|
MARC
| LEADER | 00000nam a2200000 4500 | ||
|---|---|---|---|
| 001 | 0184521 | ||
| 005 | 20240502073149.5 | ||
| 041 | 0 | |a slo | |
| 044 | |a SK | ||
| 245 | 1 | 0 | |a Teória spotrebiteľa (3. časť) |b prednáška z Mikroekonómie : optimum spotrebiteľa |c Marek Andrejkovič |
| 264 | 1 | |a [Košice] |c [2012] | |
| 300 | |a 27 s. | ||
| 610 | 2 | 0 | |a mikroekonomika |
| 610 | 2 | 0 | |a spotrebitelia |
| 610 | 2 | 0 | |a dopyt |
| 610 | 2 | 0 | |a príjmy |
| 610 | 2 | 0 | |a funkcie dopytové |
| 100 | 1 | |a Andrejkovič, Marek | |
| 710 | 2 | |a Podnikovohospodárska fakulta EU so sídlom v Košiciach. Katedra hospodárskej informatiky a matematiky | |